000 00440nam a2200145Ia 4500
008 230312s9999||||xx |||||||||||||| ||und||
082 _a418.4
_bZUB-R
100 _aZubair Zarrar , R.
245 0 _aReading Habits of Pakistani Managers PIM Survey 2006
260 _bPAKISTAN INSTITUTE OF MANAGEMENT
_aKarachi
300 _a421
546 _aEng.
650 _aManagement
_vObjectives of study , scope of study , report .
942 _cBK
999 _c2013
_d2013